| 000 -LEADER |
| fixed length control field |
02147cam a2200433 a 4500 |
| 001 - CONTROL NUMBER |
| control field |
16959065 |
| 003 - CONTROL NUMBER IDENTIFIER |
| control field |
USPCAS-E |
| 005 - DATE AND TIME OF LATEST TRANSACTION |
| control field |
20180118181412.0 |
| 008 - FIXED-LENGTH DATA ELEMENTS--GENERAL INFORMATION |
| fixed length control field |
110913r20092011gaua 001 0 eng d |
| 010 ## - LIBRARY OF CONGRESS CONTROL NUMBER |
| LC control number |
2011288980 |
| 020 ## - INTERNATIONAL STANDARD BOOK NUMBER |
| International Standard Book Number |
9780972967341 |
| 020 ## - INTERNATIONAL STANDARD BOOK NUMBER |
| Canceled/invalid ISBN |
09729967341 |
| 035 ## - SYSTEM CONTROL NUMBER |
| System control number |
(OCoLC)ocn320836647 |
| 040 ## - CATALOGING SOURCE |
| Original cataloging agency |
FM0 |
| Language of cataloging |
eng |
| Transcribing agency |
FM0 |
| Modifying agency |
JAG |
| -- |
BTCTA |
| -- |
JED |
| -- |
B@L |
| -- |
YDXCP |
| -- |
PMIPA |
| -- |
SINLB |
| -- |
DLC |
| 042 ## - AUTHENTICATION CODE |
| Authentication code |
lccopycat |
| 050 00 - LIBRARY OF CONGRESS CALL NUMBER |
| Classification number |
HD69.P75 |
| Item number |
C76 2009 |
| 082 04 - DEWEY DECIMAL CLASSIFICATION NUMBER |
| Classification number |
658.404 |
| Edition number |
22 |
| Author Mark |
CRO-P 2003 |
| 100 1# - MAIN ENTRY--PERSONAL NAME |
| Personal name |
Crowe, Andy. |
| 245 14 - TITLE STATEMENT |
| Title |
The PMP® exam : |
| Remainder of title |
how to pass on your first try / |
| Statement of responsibility, etc. |
Andy Crowe. |
| 246 3# - VARYING FORM OF TITLE |
| Title proper/short title |
Project management professional exam |
| 250 ## - EDITION STATEMENT |
| Edition statement |
4th ed. |
| 260 ## - PUBLICATION, DISTRIBUTION, ETC. |
| Place of publication, distribution, etc. |
[Kennesaw, Ga.] : |
| Name of publisher, distributor, etc. |
Velociteach, |
| Date of publication, distribution, etc. |
c2009 |
| Date of manufacture |
(2011 printing). |
| 300 ## - PHYSICAL DESCRIPTION |
| Extent |
xvi, 536 p. : |
| Other physical details |
ill. ; |
| Dimensions |
28 cm. + |
| Accompanying material |
1 card (5 x 9 cm.). |
| 500 ## - GENERAL NOTE |
| General note |
Card attached to inside back cover provides access to online learning resources from publisher. |
| 500 ## - GENERAL NOTE |
| General note |
Includes index. |
| 502 ## - DISSERTATION NOTE |
| Dissertation note |
0 |
| 505 0# - FORMATTED CONTENTS NOTE |
| Formatted contents note |
The exam -- Foundational concepts -- Process framework -- Integration management -- Scope management -- Time management -- Cost management -- Quality management -- Human resource management -- Communications management -- Risk management -- Procurement management -- Professional responsibility -- How to pass the PMP -- Final exam -- Glossary of terms. |
| 650 #0 - SUBJECT ADDED ENTRY--TOPICAL TERM |
| Topical term or geographic name entry element |
Project management |
| General subdivision |
Examinations |
| Form subdivision |
Study guides. |
| 650 #0 - SUBJECT ADDED ENTRY--TOPICAL TERM |
| Topical term or geographic name entry element |
Project management |
| General subdivision |
Study and teaching. |
| 650 #0 - SUBJECT ADDED ENTRY--TOPICAL TERM |
| Topical term or geographic name entry element |
Project management |
| General subdivision |
Certification |
| Form subdivision |
Examinations, questions, etc. |
| 650 #7 - SUBJECT ADDED ENTRY--TOPICAL TERM |
| Topical term or geographic name entry element |
Project Management (PM) |
| General subdivision |
Examinations |
| Form subdivision |
Study guides. |
| Source of heading or term |
pmcsg |
| 650 #7 - SUBJECT ADDED ENTRY--TOPICAL TERM |
| Topical term or geographic name entry element |
Project Management (PM) |
| General subdivision |
Study and teaching. |
| Source of heading or term |
pmcsg |
| 650 #7 - SUBJECT ADDED ENTRY--TOPICAL TERM |
| Topical term or geographic name entry element |
Project Management |
| General subdivision |
Certification |
| Form subdivision |
Examinations, questions, etc. |
| Source of heading or term |
pmcsg |
| 856 42 - ELECTRONIC LOCATION AND ACCESS |
| Materials specified |
Contributor biographical information |
| Uniform Resource Identifier |
<a href="http://www.loc.gov/catdir/enhancements/fy1202/2011288980-b.html">http://www.loc.gov/catdir/enhancements/fy1202/2011288980-b.html</a> |
| 856 42 - ELECTRONIC LOCATION AND ACCESS |
| Materials specified |
Publisher description |
| Uniform Resource Identifier |
<a href="http://www.loc.gov/catdir/enhancements/fy1202/2011288980-d.html">http://www.loc.gov/catdir/enhancements/fy1202/2011288980-d.html</a> |
| 906 ## - LOCAL DATA ELEMENT F, LDF (RLIN) |
| a |
7 |
| b |
cbc |
| c |
copycat |
| d |
2 |
| e |
ncip |
| f |
20 |
| g |
y-gencatlg |
| 942 ## - ADDED ENTRY ELEMENTS (KOHA) |
| Source of classification or shelving scheme |
|
| Koha item type |
Book |